Statistiken für Länder mit dem geringsten HDI

Klicken Sie hier um das Quiz zu spielen!

Allgemein

  • Dieses Quiz wurde 79 mal gespielt
  • Das Durchschnittsergebnis liegt bei 13 aus 22

Antwortstatistiken

Human Developement IndexLand% Korrekt
0,418Südsudan
82%
0,353Niger
78%
0,435Demokratische Republik Kongo
74%
0,396Tschad
74%
0,420Eritrea
71%
0,404Burundi
69%
0,442Mali
68%
0,414Guinea
66%
0,476Malawi
63%
0,352Zentralafrikanische Republik
63%
0,424Guinea-Bissau
62%
0,448Äthiopien
60%
0,452Gambia
60%
0,427Liberia
58%
0,402Burkina Faso
57%
0,473Dschibuti
54%
0,420Sierra Leone
54%
0,418Mosambik
51%
0,479Afghanistan
49%
0,485Benin
49%
0,482Jemen
43%
0,474Elfenbeinküste
37%

Verteilung der Resultate

Perzentil nach korrekt beantworteten Fragen

Anzahl Personen mit jedem Resultat

Ihre Resultats-Entwicklung

Sie haben dieses Quiz noch nicht gespielt